|
|
|
|
| LEADER |
01114nam a2200265 a 4500 |
| 001 |
GR-MES2181 |
| 008 |
991111s1994 gr 000 0 gre d |
| 040 |
|
|
|a GrPaTEI
|b gre
|c GR-PaULI
|
| 245 |
0 |
0 |
|a Λογιστικές και φορολογικές εφαρμογές ΙΙ :
|b Πρακτικό γραφείο λογιστικής.
|
| 260 |
|
|
|a Αθήνα :
|b Interbooks,
|c 1994
|
| 300 |
|
|
|a 456σελ. :
|b πιν.
|
| 650 |
|
4 |
|a Α.Ε
|
| 650 |
|
4 |
|a Ε.Γ.Λ.Σ
|
| 650 |
|
4 |
|a Ε.Π.Ε
|
| 650 |
|
4 |
|a ΕΤΕΡΟΡΡΥΘΜΗ ΕΤΑΙΡΙΑ
|
| 650 |
|
4 |
|a Κ.Β.Σ
|
| 650 |
|
4 |
|a Λογιστικά βιβλία
|
| 650 |
|
4 |
|a Λογιστικές εφαρμογές
|
| 650 |
|
4 |
|a ΟΜΟΡΡΥΘΜΗ ΕΤΑΙΡΙΑ
|
| 650 |
|
4 |
|a ΦΟΡΟΛΟΓΙΚΕΣ ΕΦΑΡΜΟΓΕΣ
|
| 700 |
1 |
|
|a Καρδακάρης, Κωνσταντίνος Ν.
|
| 942 |
|
|
|2 ddc
|
| 952 |
|
|
|0 0
|1 0
|2 ddc
|4 0
|6 657_460000000000000_ΚΑΡ
|7 0
|9 266502
|a MSLG
|b MSLG
|c BSC
|d 2021-01-17
|e 24
|f 0
|g 0.00
|l 0
|o 657.46 ΚΑΡ
|p 2420000010957
|r 2021-01-17 00:00:00
|t 1
|w 2021-01-17
|y BK15
|x 19991111 0 1
|x GrPaTEI
|
| 971 |
|
|
|a .b25732250
|b 16-04-20
|c 13-09-16
|
| 999 |
|
|
|c 153324
|d 153324
|